| Поле | Инд. | ПП | Название | Значение |
|---|---|---|---|---|
| Тип записи | a | |||
| Библиографический уровень | b | |||
| 001 | Контрольный номер | RU/IS/BASE/322574242 | ||
| 005 | Дата корректировки | 20200610181759.3 | ||
| 008 | Кодируемые данные | 20100322 | ||
| 040 | b | Код языка каталог. | rus | |
| e | Правила каталог. | PSBO | ||
| 041 | 0_ | a | Код языка текста | rus |
| 084 | a | Индекс другой классификации/Индекс ББК | 66.09; 65.52 | |
| 100 | 1_ | a | Автор | Ясеневская Е. С. |
| q | Полное имя | Ясеневская Елена Сергеевна | ||
| 245 | 10 | a | Заглавие | Антиглобализм в глобализирующемся мире |
| 504 | a | Библиография | Библиогр.: с. 49 | |
| 520 | 0_ | a | Аннотация | В статье описаны подходы к определению глобализации, раскрыта сущность антиглобализма. По мнению автора, антиглобализм не тривиальное отрицание объективного процесса глобализации, а протест против его современных форм, сложившихся под влиянием интересов ведущих индустриальных держав, не учитывающих в должной мере проблем и трудностей остального мира |
| 650 | 14 | a | Основная рубрика | мировая экономика |
| a | Основная рубрика | политика | ||
| a | Основная рубрика | политология | ||
| a | Основная рубрика | экономика | ||
| 653 | 1_ | a | Ключевые слова | антиглобализм |
| a | Ключевые слова | антиглобалисты | ||
| a | Ключевые слова | АТТАК (Ассоциация за налогообложение финансовых операций для помощи гражданам) | ||
| a | Ключевые слова | глобализация | ||
| a | Ключевые слова | глобализация экономики | ||
| a | Ключевые слова | глобалистика | ||
| a | Ключевые слова | глобальная экономика | ||
| a | Ключевые слова | корпоративный капитал | ||
| a | Ключевые слова | мондиализм | ||
| a | Ключевые слова | политическая глобалистика | ||
| a | Ключевые слова | транснациональные корпорации (ТНК) | ||
| a | Ключевые слова | экономический либерализм | ||
| 773 | 08 | t | Заглавие источника | Вестник Московского университета. Серия 18, Социология и политология |
| d | Дата издания источника | 2009 | ||
| g | Прочая информация | № 4. - С. 38 - 49 | ||
| w | Контрольный № источника | RU/IS/BASE/317399284 | ||
| 901 | t | Тип документа | b |